| 000 -LEADER |
| fixed length control field |
00599cam a22001577a 4500 |
| 008 - FIXED-LENGTH DATA ELEMENTS--GENERAL INFORMATION |
| fixed length control field |
180718b1973 xxu||||| |||| 00| 0 eng d |
| 082 ## - DEWEY DECIMAL CLASSIFICATION NUMBER |
| Classification number |
Z03x54 W119/1 |
| 100 ## - MAIN ENTRY--PERSONAL NAME |
| Personal name |
Wadhwa, D.C. |
| 245 ## - TITLE STATEMENT |
| Title |
Agrarian legislation in India,1793-1966 |
| Statement of responsibility, etc. |
by D.C. Wadhwa |
| 260 ## - PUBLICATION, DISTRIBUTION, ETC. |
| Place of publication, distribution, etc. |
Poona |
| Name of publisher, distributor, etc. |
Gokhale Institute of Politics and Economics |
| Date of publication, distribution, etc. |
1973 |
| 300 ## - PHYSICAL DESCRIPTION |
| Extent |
2v. |
| 500 ## - GENERAL NOTE |
| General note |
Contents: v.1. 868p |
| 650 ## - SUBJECT ADDED ENTRY--TOPICAL TERM |
| Topical term or geographic name entry element |
Agriculture --Taxation --Law and legislation --India --Bibliography |
| 650 ## - SUBJECT ADDED ENTRY--TOPICAL TERM |
| Topical term or geographic name entry element |
Land tenure --Law and legislation --India --Bibliography |
| 650 ## - SUBJECT ADDED ENTRY--TOPICAL TERM |
| Topical term or geographic name entry element |
Agricultural laws and legislation --India --Bibliography |